000 00795nam a22002297a 4500
005 20150226120951.0
008 140714b xxu||||| |||| 00| 0 Urdu d
010 _aUR-8691
020 q _c100..00
020 _c9789350734582
035 _aU-7246
037 _bDBAD/Pub.
040 _aDPL
_bUrdu
082 _a840.8
100 _aڈ ا کٹر ا ما م ا عظم
245 _a‎منا ظر عا شق ہر گا نو یکا لٹر ير ی زو ن
_cڈ ا کٹر ا ما م ا عظم
246 _aManazir-e-Ashiq Harganvi ka Literary Zone
_bBy Dr.Imam Aazam
260 _aد ھلی
_bEducational Publishing House
_c2014
270 _a3108,Vakeel Street,Kucha Pandit,Lal Kuan
_b.Delhi
_e110006
300 _a96ص
_c22Cm (Hb)
942 _2ddc
_cUR
_e
_h840.8
_mا م ا
999 _c91944
_d91944